MARC

LEADER 00000nam0a2200000 4500
001 59105
005 20231031055904.0
010 |a 5888600466 
035 |a (RuTPU)RU\TPU\book\62474 
090 |a 59105 
100 |a 20031219d2003 m y0rusy50 ca 
101 0 |a rus 
102 |a RU 
105 |a y j 001zy 
200 1 |a Культурология  |e учебное пособие  |f Под ред. А. А. Радугина 
210 |a Москва  |c Центр  |d 2003 
215 |a 304 с. 
225 1 |a Alma mater 
320 |a Библиография в конце глав. 
610 1 |a культура 
610 1 |a культурология 
610 1 |a философия 
610 1 |a теория 
610 1 |a ценности 
610 1 |a история 
610 1 |a реформация 
610 1 |a Просвещение 
610 1 |a 19 век 
610 1 |a 20 век 
610 1 |a художественная культура 
610 1 |a модернизм 
610 1 |a постмодернизм 
610 1 |a Россия 
610 1 |a древние славяне 
610 1 |a Московское государство 
610 1 |a Серебряный век 
610 1 |a СССР 
610 1 |a советская культура 
610 1 |a охрана 
610 1 |a культурное наследие 
610 1 |a учебные пособия 
686 |a Ч111я73  |v LBC/SL-A  |2 rubbk 
702 1 |a Радугин  |b А. А.  |g Алексей Алексеевич  |4 340 
801 1 |a RU  |b 63413507  |c 20031219  |g PSBO 
801 2 |a RU  |b 63413507  |c 20221205  |g PSBO 
942 |c BK